La discusión sobre el Sistema Nacional de Salud

Enregistré dans:
Détails bibliographiques
Format: Texte
Sujets:
Tags: Ajouter un tag
Pas de tags, Soyez le premier à ajouter un tag!

MARC

LEADER 00000 a a2200000 04500
001 6892
003
040
245 |a La discusión sobre el Sistema Nacional de Salud  
650 |a SISTEMAS DE SALUD  
650 |a SALUD  
650 |a EL SALVADOR  
773 |g volumen 28, número 1264; páginas 4-5  
999 |c 32450  |d 32450